LIBRARY & INFORMATION CENTRE, KCAET, TAVANUR

ONLINE PUBLIC ACCESS CATALOGUE (OPAC)

Feasibility of a permanent bound in the Ponnani koles of Kerala (Record no. 15280)

MARC details
000 -LEADER
fixed length control field 00721nam a22002057a 4500
003 - CONTROL NUMBER IDENTIFIER
control field OSt
088 ## - REPORT NUMBER
Report number P 51
100 ## - MAIN ENTRY--AUTHOR NAME
Personal name ABDUL SATHAR M
245 ## - TITLE STATEMENT
Title Feasibility of a permanent bound in the Ponnani koles of Kerala
260 ## - PUBLICATION, DISTRIBUTION, ETC. (IMPRINT)
Place of publication Tavanur 1996
Name of publisher Department of Irrigation and Drainage Engineering
300 ## - PHYSICAL DESCRIPTION
Number of Pages 103
500 ## - GENERAL NOTE
General note Feasibility of a permanent bound in the Ponnani koles of Kerala
520 ## - SUMMARY, ETC.
Summary, etc Feasibility of a permanent bound in the Ponnani koles of Kerala
700 ## - ADDED ENTRY--PERSONAL NAME
Personal name Karen Mary Nigli
700 ## - ADDED ENTRY--PERSONAL NAME
Personal name Sajeena S
700 ## - ADDED ENTRY--PERSONAL NAME
Personal name Er. Mary Regina F (Guide)
856 ## - ELECTRONIC LOCATION AND ACCESS
Uniform Resource Identifier https://drive.google.com/open?id=1NbSOmPari0lKVtJdT1vEwjytn8Y3NzzV
942 ## - ADDED ENTRY ELEMENTS (KOHA)
Koha item type Project Report
Holdings
Home library Current library Accession Number Koha item type
KAUAET KAUAET P 51 Project Report
free website counter